Statistics for "T" Antonyms

Click here to take the quiz!

General Stats

  • This quiz has been taken 66 times
  • The average score is 17 of 20

Answer Stats

WordT Antonyms% Correct
NowThen
100%
ThickThin
100%
FalseTrue
100%
LearnTeach
98%
HereThere
98%
StudentTeacher
97%
ShortTall
93%
BottomTop
93%
VillageTown
93%
ApartTogether
91%
YesterdayTomorrow
91%
WildTame / Trained
88%
CatchThrow
83%
LooseTight
79%
ComedyTragedy
72%
OpaqueTransparent
72%
EasyTough
71%
WonderfulTerrible
69%
HungryThirsty
48%
ReleaseTrap
43%

Score Distribution

Percentile by Number Answered

Percent of People with Each Score

Your Score History

You have not taken this quiz